Syntéza tekutinových systémov

Gespeichert in:
Bibliographische Detailangaben
1. Verfasser: Guláš, František (Verfasst von)
Format: Buch
Sprache:Slowakisch
Veröffentlicht: Bratislava : SVŠT v Bratislave, 1988
Ausgabe:1. vyd
Schlagworte:
Tags: Tag hinzufügen
Keine Tags, Fügen Sie das erste Tag hinzu!

MARC

LEADER 00000nam a22000003a 4500
001 stu76143
005 20150617225644.5
008 020618s1988----cs------------------slo-d
040 |a STU  |b slo 
041 0 |a slo 
044 |a cs 
080 |a 532 
100 1 |a Guláš, František  |4 aut 
245 1 |a Syntéza tekutinových systémov 
250 |a 1. vyd 
260 |a Bratislava :  |b SVŠT v Bratislave,  |c 1988 
300 |a 238 s 
650 7 |a tekutinové  |2 stusub 
996 |b 284J018158  |c J*2189-4  |l JJSK  |s A  |a 24  |w stu76143_0001 
996 |b 284J008357  |c J*81109  |l JJSK  |s A  |a 24  |w stu76143_0002 
996 |b 284J018705  |c J*2189-5  |l JJSK  |s A  |a 24  |w stu76143_0003 
996 |b 284J018706  |c J*2189-6  |l JJSK  |s A  |a 24  |w stu76143_0004 
996 |b 284J018703  |c J*2189-2  |l JJSK  |s A  |a 24  |w stu76143_0005 
996 |b 284J018704  |c J*2189-3  |l JJSK  |s A  |a 24  |w stu76143_0006 
996 |b 284J018702  |c J*2189-1  |l JJSK  |s A  |a 24  |w stu76143_0007